| 000 | 01486nam a2200349 c 4500 | ||
|---|---|---|---|
| 001 | 17738 | ||
| 003 | ES-MaCES | ||
| 005 | 20141221122512.0 | ||
| 008 | 050708m 2005sp s o000 | spa d | ||
| 035 | _aCES20050007108m | ||
| 040 |
_aES-MaCES _bspa _cES-MaCES |
||
| 245 | 0 | 0 |
_aResumen de facturación del Sistema Nacional de Salud _b: diciembre y acumulado enero-diciembre 2004 _cMinisterio de Sanidad y Consumo, Dirección General de Farmacia y Productos Sanitarios, Subdirección General de Financiación y Uso Racional de Medicamentos y Productos Sanitarios |
| 260 |
_a[Madrid _bla Subdirección _c2005?] |
||
| 300 |
_a[67] h. _c30 cm |
||
| 500 | _aTít. de la cub.: Resumen de facturación de recetas médicas, diciembre 2004 | ||
| 541 | _cGratuito | ||
| 650 | 4 |
_aasistencia médica _930272 |
|
| 650 | 4 |
_afarmacias _930795 |
|
| 650 | 4 |
_aprestaciones farmacéuticas _931050 |
|
| 650 | 4 |
_adistribución del gasto _930938 |
|
| 650 | 4 |
_aEspaña _926964 |
|
| 650 | 4 |
_aComunidades Autónomas _930768 |
|
| 650 | 4 |
_a2004 _931739 |
|
| 650 | 4 |
_adatos estadísticos _930765 |
|
| 653 | 1 | 0 | _aEstadísticas económico-sociales |
| 710 | 1 |
_aEspaña _bDirección General de Farmacia y Productos Sanitarios _92794 |
|
| 740 | 0 | 2 | _aResumen facturación de recetas médicas, diciembre 2004 |
| 787 | 0 |
_tResumen de facturación del Sistema Nacional de Salud _w(ES-MaCES)16602 |
|
| 902 | _aDOC Literatura gris | ||
| 942 |
_2CES _cBK _h8.2. |
||
| 999 |
_c17738 _d17738 |
||